Datum a čas kvízu

33.5 Celkem bodů Celkový počet nahraných bodů na tomto kvízu bez doplňovacích otázek.
5. Pořadí na kvízu Konečné umístění týmu na tomto kvízu.

Zaznamenané odpovědi

# Otázka Odpověď Body Výsledky
1. Jiří Langmajer, Zdislava Pokor... Hejt není názor 1
2. K čemu vybídl syn Joea Bidena... C 0
3. Kterému rapperovi byl zakázán... Kanyemu Westovi 0
4. Americký deník The New York Ti... bitcoin 1
5. Desátý hráč žebříčku ATP utrpě... Daniil Medveděv 1
6. Vaším prvním úkolem v dnešním... 1B 2D 3A 4C 0
7. Poznejte gangsterku dle stručn... Dannyho parťáci (Ocean's Eleven) 1
8. Bud Spencer a Terence Hill spo... v Itálii 1
9. Gangster, na kterého se ptáme,... Jabba Hutt 1
10. Uveďte jméno i příjmení postav... John Wick 0